Introducción al estudio del derecho militar y organización y atribuciones de los tribunales de guerra / (Record no. 161667)

MARC details
000 -LEADER
campo de control de longitud fija 00800nam a22001935i 4500
001 - NÚMERO DE CONTROL
campo de control 161667
003 - IDENTIFICADOR DE NÚMERO DE CONTROL
campo de control ES-MaACL
005 - FECHA Y HORA DE LA ÚLTIMA TRANSACCIÓN
campo de control 20230906212332.0
008 - DATOS DE LONGITUD FIJA--INFORMACIÓN GENERAL
campo de control de longitud fija 950206s1886 sp |||| | spa d
040 ## - FUENTE DE CATALOGACIÓN
Centro catalogador/agencia de origen CLM
Lengua de catalogación spa
Centro/agencia transcriptor CCPB | PA2
100 1# - ENTRADA PRINCIPAL--NOMBRE DE PERSONA
Nombre de persona Peña y Cuéllar, Nicolás de la.
9 (RLIN) 131090
245 10 - MENCIÓN DEL TÍTULO
Título Introducción al estudio del derecho militar y organización y atribuciones de los tribunales de guerra /
Mención de responsabilidad, etc. por Nicolás de la Peña y Cuéllar...
260 ## - PUBLICACIÓN, DISTRIBUCIÓN, ETC.
Lugar de publicación, distribución, etc. Madrid :
Nombre del editor, distribuidor, etc. [s.n.],
Fecha de publicación, distribución, etc. 1886 (
Fabricante Tip. de Manuel G. Hernández)
300 ## - DESCRIPCIÓN FÍSICA
Extensión 629 p. ;
Dimensiones 23 cm.
594 #1 - Nota al título y mención de responsabilidad
Nota al título y mención de responsabilidad Precede al tít.: Legislación militar novísima [también como tít. de antep.]
650 #4 - PUNTO DE ACCESO ADICIONAL DE MATERIA--TÉRMINO DE MATERIA
Término de materia o nombre geográfico como elemento de entrada Derecho militar-
Subdivisión geográfica España-
Subdivisión cronológica S. XIX.
9 (RLIN) 135894
650 ## - PUNTO DE ACCESO ADICIONAL DE MATERIA--TÉRMINO DE MATERIA
Término de materia o nombre geográfico como elemento de entrada Tribunales militares.
9 (RLIN) 171543
852 ## - LOCALIZACIÓN
Ubicación ES-MaACL
Número de control de estantería B-5490
Nota libre -- Enc. pasta
Holdings
Estatus retirado Estado de pérdida Estado de daño No para préstamo Colección Biblioteca de origen Biblioteca actual Ubicación en estantería Fecha de adquisición Fuente de adquisición Total de préstamos Signatura topográfica completa Código de barras Visto por última vez Precio de reemplazo Tipo de ítem Koha
        Libros del s. XIX Biblioteca del Ateneo de Madrid Biblioteca del Ateneo de Madrid Sala Pardo Bazán 17/01/2008     B-5490 1169346 23/02/2023 23/02/2023 Libro impreso antiguo